|
|
|
|
| LEADER |
01490nam a22003612a 4500 |
| 001 |
000156697 |
| 003 |
CZ BrMZK |
| 005 |
20130411140912.0 |
| 007 |
ta |
| 008 |
010907s1981 xr af f cze d |
| 015 |
|
|
|a cnb000001579
|
| 040 |
|
|
|a ABA001
|b cze
|d BOA001
|d ABA001
|
| 080 |
|
|
|a 37.018.11
|2 MRF
|
| 080 |
|
|
|a 159.922.7
|2 MRF
|
| 080 |
|
|
|a 301.151-053.2
|2 MRF
|
| 080 |
|
|
|a 37.018.3
|2 MRF
|
| 080 |
|
|
|a 373.2
|2 MRF
|
| 100 |
1 |
|
|a Matějček, Zdeněk,
|d 1922-2004
|7 jk01080640
|4 aut
|
| 245 |
1 |
0 |
|a Výpravy za člověkem /
|c Zdeněk Matějček, Josef Langmeier
|
| 250 |
|
|
|a Vyd. 1.
|
| 260 |
|
|
|a Praha :
|b Odeon,
|c 1981
|
| 300 |
|
|
|a 218 s. :
|b obr., fot. ;
|c 21 cm
|
| 490 |
1 |
|
|a Klub čtenářů ;
|v sv. 476
|
| 500 |
|
|
|a Dostupné též v digitální podobě v aplikaci Kramerius
|
| 700 |
1 |
|
|a Langmeier, Josef,
|d 1921-2007
|7 jk01071543
|4 aut
|
| 830 |
|
0 |
|a Klub čtenářů (Odeon)
|0 s
|
| 856 |
4 |
1 |
|u http://www.digitalniknihovna.cz/mzk/uuid/uuid:dadcae00-96ec-11e2-9a08-005056827e52
|y Digitalizovaný dokument
|x NDK
|
| 910 |
|
|
|a BOA001
|b 2-0842.196
|b PK-0093.381
|
| 964 |
|
|
|a Psychologie vývojová - psychologie sociální - výchova rodinná - děti
|
| 990 |
|
|
|a BK
|
| 996 |
6 |
|
|b 2610596212
|c 2-0842.196
|l MZK
|r Sklad / do 1 hodiny
|n 4
|p dar
|w 000156697
|u 000040
|a 1
|e BOA001
|j MZK50
|s P
|
| 996 |
7 |
|
|b 2619935847
|c 2-0842.196
|l MZK
|r Sklad / do 1 hodiny
|n 88
|w 000156697
|u 000010
|a 1
|e BOA001
|j MZK50
|s A
|
| 996 |
7 |
|
|b 3119986713
|c PK-0093.381
|l MZK
|r Sklad / do 1 hodiny
|n 72
|w 000156697
|u 000030
|a 1
|e BOA001
|j MZK50
|s A
|